El despojo de las riquezas de Namibia: las inversiones de la América del Norte y la ocupación por Sudáfrica

Furkejuvvon:
Bibliográfalaš dieđut
Váldodahkki: Hovey, Gail (Dahkki)
Materiálatiipa: Girji
Giella:espánnjágiella
Almmustuhtton: Nueva York The Africa Fund 1982
Fáttát:
Fáddágilkorat: Lasit fáddágilkoriid
Eai fáddágilkorat, Lasit vuosttaš fáddágilkora!

MARC

LEADER 00000nam a2200000 a 4500
001 UCW9123
003 CL-VaPUC
008 881207e19820000US |||||||||||||||||spa|d
082 0 4 |a 968.81  |b HOV  |2 21 
100 0 |a Hovey, Gail  |e author  |9 314267 
245 1 3 |a El despojo de las riquezas de Namibia: las inversiones de la América del Norte y la ocupación por Sudáfrica 
300 |a 59 h 
942 |c BK 
945 |d 19881207 00:00:00 
260 |a Nueva York  |b The Africa Fund  |c 1982 
650 0 |a Apartheid  |9 257043 
650 0 |a Historia  |9 255047 
650 7 |a OCUPACION SUDAFRICANA  |2 CL-VaPUC  |9 314268 
650 0 |a Condiciones económicas  |9 258255 
650 0 |a Condiciones sociales   |9 257278 
650 0 |a Política y gobierno  |9 255151 
651 7 |a NAMIBIA  |2 CL-VaPUC  |9 314269 
583 |a last modification  |c 19881207 00:00:00  |k Rodrigo Vera 
999 |c 221168  |d 221166 
952 |0 0  |1 0  |4 0  |6 968_810000000000000_HOV_1982  |7 0  |8 A  |9 214213  |a BIBHIS  |b BIBHIS  |d 2019-11-15  |i 2828324  |o 968.81 HOV 1982  |p 2828324  |r 2025-01-20  |w 2019-11-15  |y BK  |k HIS